[Event "Schleswig Holstein-ch Seniors op 11th"]
[Site "Buesum"]
[Date "2017.09.15"]
[Round "8"]
[White "Horn, Wilfried"]
[Black "Boss, Kurt"]
[Result "1-0"]
[WhiteElo "1412"]
[BlackElo "1222"]
[PlyCount "76"]
[EventDate "2017.09.08"]
[EventType "swiss"]
[EventRounds "9"]
[EventCountry "GER"]
[SourceTitle "EXT 2019"]
[Source "ChessBase"]
[SourceDate "2018.10.10"]
[SourceVersion "1"]
[SourceVersionDate "2018.10.10"]
[SourceQuality "1"]

1. c4 c6 2. Nc3 Nf6 3. Nf3 d5 4. cxd5 cxd5 5. d4 g6 6. e3 Bg4 7. Be2 Nbd7 8. Qb3 Nb6 9. h3 Be6 10. 0-0 Bg7 11. Qc2 Rc8 12. Qd1 Ne4 13. Nxe4 dxe4 14. Nd2 Bd5 15. b3 0-0 16. Bb2 Qd7 17. Rc1 Rxc1 18. Qxc1 Rc8 19. Qb1 a6 20. Rc1 Rxc1+ 21. Qxc1 e6 22. Bc4 Bf6 23. Be2 Be7 24. f4 Qd8 25. g3 Qb8 26. Nc4 Bd8 27. Nd2 g5 28. Qc2 f5 29. Nc4 Qc8 30. Qc1 Qd7 31. Ba3 Bc7 32. Ne5 Bxe5 33. dxe5 gxf4 34. Qc5 Qd8 35. gxf4 Nd7 36. Qb4 b5 37. Qd6 a5 38. Bxb5 Qb6 1-0

[Event "Schleswig Holstein-ch Seniors op 11th"]
[Site "Buesum"]
[Date "2017.09.08"]
[Round "1"]
[White "Horn, Wilfried"]
[Black "Aigner, Georg"]
[Result "1/2-1/2"]
[WhiteElo "1412"]
[BlackElo "1898"]
[PlyCount "113"]
[EventDate "2017.09.08"]
[EventType "swiss"]
[EventRounds "9"]
[EventCountry "GER"]
[SourceTitle "EXT 2019"]
[Source "ChessBase"]
[SourceDate "2018.10.10"]
[SourceVersion "1"]
[SourceVersionDate "2018.10.10"]
[SourceQuality "1"]

1. c4 e5 2. Nc3 Nf6 3. d3 d5 4. cxd5 Nxd5 5. Nf3 Nc6 6. e3 Be7 7. Be2 0-0 8. d4 exd4 9. Nxd4 Nxd4 10. Qxd4 Nb4 11. Qxd8 Rxd8 12. 0-0 Bf5 13. e4 Be6 14. Bf4 c6 15. a3 Nd3 16. Bxd3 Rxd3 17. Rfd1 Rad8 18. Rxd3 Rxd3 19. Rd1 Rxd1+ 20. Nxd1 Bc4 21. Be3 a6 22. Bd4 c5 23. Bc3 b5 24. Ne3 Bb3 25. Nf5 Bf6 26. Bxf6 gxf6 27. Nd6 b4 28. axb4 cxb4 29. Nb7 Bc4 30. f3 Kf8 31. Kf2 Ke7 32. Ke3 Kd7 33. Nc5+ Kc6 34. Kd4 Bf1 35. g3 a5 36. b3 Be2 37. f4 Bd1 38. Kc4 Be2+ 39. Kd4 Kb5 40. Kd5 Bd1 41. Kd4 a4 42. bxa4+ Bxa4 43. Nd3 Bc2 44. Nb2 b3 45. Kc3 Kc5 46. Na4+ Kd6 47. Kd4 Kc6 48. Kc4 Bxe4 49. Kxb3 Kd5 50. Kc3 Bf5 51. Kd2 Ke4 52. Ke2 Bh3 53. Nc5+ Kf5 54. Kf2 Bg4 55. Ke3 Bd1 56. Kf2 h5 57. Nd7 1/2-1/2